A Linguistic guide to English poetry. (Record no. 5989)

MARC details
000 -LEADER
fixed length control field 00651cam a22002172 4500
001 - CONTROL NUMBER
control field 0000002719
005 - DATE AND TIME OF LATEST TRANSACTION
control field 20151217151903.0
008 - FIXED-LENGTH DATA ELEMENTS--GENERAL INFORMATION
fixed length control field 070419s xx 000 0 eng d
020 ## - INTERNATIONAL STANDARD BOOK NUMBER
International Standard Book Number 0582550130 :
Terms of availability GBP24.99
040 ## - CATALOGING SOURCE
Original cataloging agency KABU
Transcribing agency KABU
050 #0 - LIBRARY OF CONGRESS CALL NUMBER
Classification number PR508
Item number .L3L44
100 1# - MAIN ENTRY--PERSONAL NAME
Personal name Leech, Geofrey N.
-- 0000152213
245 12 - TITLE STATEMENT
Title A Linguistic guide to English poetry.
260 ## - PUBLICATION, DISTRIBUTION, ETC. (IMPRINT)
Place of publication, distribution, etc. London :
Name of publisher, distributor, etc. Longman,
Date of publication, distribution, etc. 1969.
300 ## - PHYSICAL DESCRIPTION
Extent xv, 237 p.
650 #0 - SUBJECT ADDED ENTRY--TOPICAL TERM
Topical term or geographic name as entry element English poetry
General subdivision History and criticism.
-- 0000152214
908 ## - PUT COMMAND PARAMETER (RLIN)
Put command parameter 070419
950 ## - LOCAL HOLDINGS (RLIN)
-- 1
Holdings
Withdrawn status Lost status Source of classification or shelving scheme Not for loan Home library Current library Date acquired Total Checkouts Full call number Barcode Date last seen Price effective from Koha item type
    Library of Congress Classification   Kabarak, Main Campus Kabarak, Main Campus 17/12/2015   PR508 .L3L44 008419 17/12/2015 17/12/2015 General Collection
    Library of Congress Classification   Kabarak, Main Campus Kabarak, Main Campus 17/12/2015   PR508 .L3L44 008420 17/12/2015 17/12/2015 General Collection
Designed with assistance from East African Informatics Ltd